<?xml version="1.0" encoding="UTF-8"?>
<collection xmlns="http://www.loc.gov/MARC21/slim">
 <record>
  <leader>01145nam a22001937a 4500</leader>
  <controlfield tag="001">NCT_16161</controlfield>
  <controlfield tag="008">171103b        xxu||||| |||| 00| 0 vie d</controlfield>
  <datafield tag="999" ind1=" " ind2=" ">
   <subfield code="c">767</subfield>
   <subfield code="d">767</subfield>
  </datafield>
  <datafield tag="020" ind1=" " ind2=" ">
   <subfield code="a">9786047712182</subfield>
  </datafield>
  <datafield tag="082" ind1=" " ind2=" ">
   <subfield code="2">23rd ed.</subfield>
   <subfield code="a">158</subfield>
   <subfield code="b">Y94</subfield>
  </datafield>
  <datafield tag="100" ind1="1" ind2=" ">
   <subfield code="a">Chung Ju Yung</subfield>
  </datafield>
  <datafield tag="245" ind1="1" ind2="0">
   <subfield code="a">Không bao giờ thất bại tất cả là thử thách</subfield>
   <subfield code="b">Tự chuyện Chung Ju Yung</subfield>
   <subfield code="c">Chung Ju Yung</subfield>
  </datafield>
  <datafield tag="260" ind1=" " ind2=" ">
   <subfield code="a">H.</subfield>
   <subfield code="b">Thế giới</subfield>
   <subfield code="c">2015</subfield>
  </datafield>
  <datafield tag="300" ind1=" " ind2=" ">
   <subfield code="a">327 tr.</subfield>
   <subfield code="c">15 cm</subfield>
  </datafield>
  <datafield tag="520" ind1=" " ind2=" ">
   <subfield code="a">Khám phá cuộc đời thăng trầm rất thực và tính cách thú vị của cậu thanh niên vùng nông thôn, với ước mơ lớn từ hai bàn tay trắng đã trở thành một trong những doanh nhân nổi tiếng nhất trong lịch sử các tập đoàn công nghiệp hàng đầu Hàn Quốc và Châu Á - Tập đoàn Huyndai</subfield>
  </datafield>
  <datafield tag="700" ind1=" " ind2=" ">
   <subfield code="a">Lê huy Khoa (dịch)</subfield>
  </datafield>
  <datafield tag="942" ind1=" " ind2=" ">
   <subfield code="2">ddc</subfield>
   <subfield code="c">BK</subfield>
  </datafield>
  <datafield tag="952" ind1=" " ind2=" ">
   <subfield code="0">0</subfield>
   <subfield code="1">0</subfield>
   <subfield code="2">ddc</subfield>
   <subfield code="4">0</subfield>
   <subfield code="6">158_000000000000000_Y94</subfield>
   <subfield code="7">0</subfield>
   <subfield code="9">2447</subfield>
   <subfield code="a">000001</subfield>
   <subfield code="b">000001</subfield>
   <subfield code="d">2017-11-03</subfield>
   <subfield code="o">158 Y94</subfield>
   <subfield code="p">TK.00003</subfield>
   <subfield code="r">2017-11-03</subfield>
   <subfield code="w">2017-11-03</subfield>
   <subfield code="y">BK</subfield>
  </datafield>
  <datafield tag="980" ind1=" " ind2=" ">
   <subfield code="a">Thư viện Trường Đại học Nam Cần Thơ</subfield>
  </datafield>
 </record>
</collection>
